1546 1406 1773 1718 1432 1367 1710 1102 1650 1335 1355 1522 1951 1213 1409 1146 1726 1288 1081 1548 1670 1508 1433 1382 1755 1230 1391 1288 1704 1607 1194 1068 1305 1419 1363 1901 1883 1414 1018 1398 1512 1883 1381 1244 1672 1198 1605 1787 1624 1296 1172 1020 1605 1369 1230 1396 1395 1645 1448 1862 1742 1986 1327 1256 1978 1939 1750 1203 1394 1979 1339 1366 1653 1511 1901 1220 1433 1990 1979 1712 1799 1104 1611 1905 1881 1629 1257 1955 1006 1010 1838 1550 1436 1031 1785 1370 1395 1132 1783 BCNSPRNW ULIB Ver.6.0+V

เปลี่ยนเป็นภาษาไทย

Change to English
 แสดงรายละเอียดบรรณานุกรม
  กลับหน้าหลัก

Brief Record : Get Marc (ISO 2709) : E-mail record : QR code < ปิดหน้าต่าง
LEADER : 00000nam 2200000uu 4500
001    13399111044
003     ULIB
008    110615s||||||||th 000 0 tha d
020    9789747784510
050  4 BF371^bม767ว 2551
245 00 101 วิธีสมองดี ความจำเลิศ =^b101 ways to improve your memory /^cเมวิตา วงศ์วิเชียรชัย บรรณาธิการประจำเล่ม ;กิจจา ฤดีขจร, รัชยา เรืองศรี ผู้แปล
246 31 101 ways to improve your memory
250    พิมพ์ครั้งที่ 1
260    กรุงเทพฯ :^bรีดเดอร์ส ไดเจสท์ (ประเทศไทย),^c2551
300    352 หน้า :^bภาพประกอบ ;^c28 ซม.
650  7 ความจำ
650  7 สมอง
700 0  เมวิตา วงศ์วิเชียรชัย,^eบรรณาธิการ
700 0  กิจจา ฤดีขจร,^eผู้แปล
700 0  รัชยา เรืองศรี,^eผู้แปล
945    ^p1990^l0^i027485
995    ทศพร
999 ^a ใช้งานได้ทุกระบบ
รายการนี้ยังไม่มีแท็ก
คุณยังไม่ได้ล็อกอิน คุณสามารถมีกิจกรรมร่วมกับเว็บไซต์ได้ แต่ต้องล็อกอินก่อน ::
  ล็อกอิน

รายการสื่อสารสนเทศ

ลำดับที่ ประเภท เลขเรียก/บาร์โค้ด สถานที่ สถานะ
- ไม่พบข้อมูล -

รายการใกล้เคียง
    หัวเรื่อง [ความจำ]
    หัวเรื่อง [สมอง]

BibComment


ยังไม่เคยถูกคอมเมนท์

คอมเมนท์ทรัพยากรรายการนี้
  คอมเมนท์: 101 วิธีสมองดี คว..


 Copyright 2026. Bcnsprnw @Library